Клинична лаборатория (Запис номер 282)
[ съкратено ]
| 000 -Лидер | |
|---|---|
| Контролно поле с фиксирана дължина | 01565nam a2200397 a 4500 |
| 003 - Код на организацията, давaща контролен номер | |
| Контролно поле | BLK |
| 005 - Дата и час на последна редакция | |
| Контролно поле | 20230526152854.0 |
| 008 - Елементи от данни с фиксирана дължина | |
| fixed length control field | 180412b bul|||||r ||||||| ||bul|| |
| 010 ## - Наследен системен номер | |
| LC control number | KNG00000440000 |
| 020 ## - Международен стандартен номер на книга ISBN | |
| Международен стандартен номер на книга ISBN | 954-8180-11-1 |
| 040 ## - Източник на каталожния запис | |
| Идентификатор на билиотеката - собственик на записа | BLK |
| 041 ## - Код за език | |
| Код за езика на текст/звукозапис или на отделно заглавие | Български |
| Код за езика КДБФ | Български |
| 080 ## - УДК | |
| УДК код - определител по УДК | 616-074/-076 |
| УДК определител | (075.8) |
| УДК - код + определител | 616-074/-076(075.8) |
| 100 1# - Редна дума - Автор | |
| Автор | Кюмюрева-Лазарова, Веселка Стоянова |
| Авторска отговорност | първи автор |
| R(LIN) | 86769 |
| 139 ## - Редно поле | |
| Редна дума | Кюмюрева-Лазарова, Веселка Стоянова |
| Авторски знак | Кю - К 99 |
| 245 10 - Сведения за заглавието | |
| Заглавие | Клинична лаборатория |
| Подзаглавни данни | Учебник за студенти по медицина : Ч. 1 - |
| Редно поле (дума) | Веселка Стоянова Кюмюрева-Лазарова. |
| Том | Ч. 1 |
| 257 ## - Страна на издаване | |
| Страна на създаване/издаване | България |
| 260 ## - Област на издателските данни | |
| Място на издаване, разпространение и проч. | Стара Загора |
| Име на издателя, разпространителя и проч. | НИС при ВИЗВМ |
| Година на издаване | 1993 - |
| 9 (RLIN) | 210227 |
| Издателство - префикс ISBN | 954-8180- |
| 300 ## - Физическа характеристика | |
| Размери/Мащаб | 22 см |
| 380 ## - Жанр | |
| Жанр | Медицина |
| 500 ## - Общи забележки | |
| Забележка | Офс. изд. |
| 650 #4 - Допълнително описание по предмет – тема | |
| Основно описание – тема или топоним | Лабораторна диагностика - учебници за ВУЗ |
| 9 (RLIN) | 242094 |
| 653 ## - Ключова дума – ненормативна | |
| Ключова дума | клинична лаборатория |
| 653 ## - Ключова дума – ненормативна | |
| Ключова дума | диагностика |
| 653 ## - Ключова дума – ненормативна | |
| Ключова дума | учебници |
| 760 1# - Описание на основната серия | |
| Редна дума на основното описание | Кюмюрева-Лазарова, Веселка Стоянова |
| Място на издаване, издател и година | НИС при ВИЗВМ, 1993 |
| Страници - том | 173 с. : с ил., сх., табл. |
| Заглавие | Ч. 1 |
| 852 ## - Местоположение | |
| Форматна сигнатура | Цб 175949 |
| Фондова буква | Хранилище |
| 856 4# - Електронен адрес и достъп | |
| Електронен формат | pdf - файл |
| Път до файла /url/ | |
| 856 4# - Електронен адрес и достъп | |
| Електронен формат | pdf - файл |
| Път до файла /url/ | |
| 942 ## - АРТИКУЛИ | |
| Вид на библиотечния материал | Книги |
| Скрит в OPAC | Не |
| Koha issues (borrowed), all copies | 4 |
| 944 ## - СЪЗДАВАНЕ И РЕДАКЦИЯ на ЗАПИСА | |
| Създаване/Редакция | Създаване |
| Дата на регистрацията/редакция | 15.01.2003 |
| Служител, извършил регистрацията/редакцията | Теодора_Стоянова |
| 944 ## - СЪЗДАВАНЕ И РЕДАКЦИЯ на ЗАПИСА | |
| Създаване/Редакция | Редакция |
| Дата на регистрацията/редакция | 10.02.2007 |
| 999 ## - СИСТЕМНИ КОНТРОЛНИ НОМЕРА | |
| Koha biblionumber | 282 |
| Koha biblioitemnumber | 282 |
| 999 ## - СИСТЕМНИ КОНТРОЛНИ НОМЕРА | |
| Koha biblioitemnumber | 282 |
| 999 ## - СИСТЕМНИ КОНТРОЛНИ НОМЕРА | |
| Koha biblioitemnumber | 282 |
| 999 ## - СИСТЕМНИ КОНТРОЛНИ НОМЕРА | |
| Koha biblioitemnumber | 282 |
| Код за отписване | Код за изгубен артикул | Източник на класификационната схема | Код за повреда | Коз за рестрикции | Код за отдаване | Артикулен № | Име на библиотеката - собственик | Име на библиотеката, в която се намира в момента | Статус (Текущо местоположение) | Дата на вписване в системата | Местоположение - отдел | Цена в лева | Инвентарен номер | Систематично азбучна сигнатура | Баркод | Номер на екземпляра | Цена в евро | Служебна бележка | Служебен тип на артикула |
|---|---|---|---|---|---|---|---|---|---|---|---|---|---|---|---|---|---|---|---|
| Не е изгубен | Universal Decimal Classification | Не е повреден | без рестрикции | ползва се в читалня | 541 | Регионална библиотека "Любен Каравелов" Русе | Регионална библиотека "Любен Каравелов" Русе | Читалня | 2001-01-01 | Читалня | 0.90 | 626192 | Ч 616/К 99 | 120000626192 | 1 | 0.46 | Дост: Pk Вид: Ф N: стар фонд Дата: 01.01.1993 Дата инв: 17.03.2017 Бележки инв: Ч2017 | Книги | |
| Не е изгубен | Universal Decimal Classification | Не е повреден | без рестрикции | заемане за дома | 542 | Регионална библиотека "Любен Каравелов" Русе | Регионална библиотека "Любен Каравелов" Русе | Заемна - подръчен фонд | 2001-01-01 | Заемна - подръчен фонд | 0.00 | 599414 | 616/К 99 | 120000599414 | 2 | 0.00 | Дост: Pk Вид: Ф N: стар фонд Дата: 01.01.2001 Дата инв: 05.02.2018 Бележки инв: П2018 | Книги | |
| Не е изгубен | Universal Decimal Classification | Не е повреден | без рестрикции | ползва се в читалня | 543 | Регионална библиотека "Любен Каравелов" Русе | Регионална библиотека "Любен Каравелов" Русе | Хранилище | 2001-01-01 | Хранилище | 0.00 | 603882 | Цб 175949 | 120000603882 | 3 | 0.00 | Дост: Dp Вид: Д N: стар фонд Дата: 01.01.2001 | Книги |